| 000 | 00611nam a2200205Ia 4500 | ||
|---|---|---|---|
| 008 | 140527s9999 xx 000 0 und d | ||
| 020 | _a9781259060632 | ||
| 050 |
_aPE 1408 _b.L28 2014 |
||
| 100 | _aLangan, John | ||
| 245 |
_aCollege Writing Skills with Readings / _cJohn Langan. |
||
| 250 | _a9th ed. | ||
| 260 |
_aNew York : _bMcGraw-Hill, _cc2014. |
||
| 300 |
_a770 p. : _bcol. Ill. ; _c24 cm. |
||
| 440 | _aMvGraw-Hill international editions | ||
| 500 | _aIncludes bibliographical references and index. | ||
| 521 | _aGE | ||
| 650 | _aCollege readers | ||
| 942 |
_kFOR _cBK |
||
| 999 |
_c117399 _d117399 |
||